000 00961 a2200241 4500
005 20251120143017.0
008 251120b |||||||| |||| 00| 0 eng d
020 _a8187476176 (pbk)
037 _cTB
040 _aCRL
_cCRL
041 _2pun
_apun
084 _aP153:3 Q1
_qCRL
100 _aਦੁਗਗਲ, ਨਰਿੰਦੇਰ ਸਿੰਘ / Duggal, Narinder Singh
_9848509
240 _a Punjabi Vyakaran te Rachnavli
245 _aਪੰਜਾਬੀ ਵਿਆਕਰਣ ਤੇ ਰਚਨਾਵਲੀ
260 _aJalandhar, India:
_bNew Book Company;
_c2025.
300 _a464p.
365 _b475.00
_cINR
650 _2ਪੰਜਾਬੀ ਭਾਸ਼ਾ
650 _2ਪੰਜਾਬੀ ਵਿਆਕਰਣ
942 _cTB
_2CC
_n0
_hP153:3 Q1
999 _c1464797
_d1464797